Vocaciones inciertas : (Registro nro. 247272)

Detalles MARC
000 -LEADER
fixed length control field 02440nam a2200481Ii 4500
001 - CONTROL NUMBER
control field DIGCSIC0270
003 - CONTROL NUMBER IDENTIFIER
control field NyNyDIG
008 - FIXED-LENGTH DATA ELEMENTS--GENERAL INFORMATION
fixed length control field 170921s2012 sp b ob 000 0 spa d
006 - FIXED-LENGTH DATA ELEMENTS--ADDITIONAL MATERIAL CHARACTERISTICS
fixed length control field m o d
007 - PHYSICAL DESCRIPTION FIXED FIELD--GENERAL INFORMATION
fixed length control field cr |||||||||||
035 ## - SYSTEM CONTROL NUMBER
System control number (OCoLC)923011290
040 ## - CATALOGING SOURCE
Original cataloging agency DGITA
Language of cataloging eng
Description conventions rda
-- pn
Transcribing agency DGITA
020 ## - INTERNATIONAL STANDARD BOOK NUMBER
International Standard Book Number 9788400095543
Qualifying information (eBook ;
-- pdf)
020 ## - INTERNATIONAL STANDARD BOOK NUMBER
International Standard Book Number 8400095545
Qualifying information (eBook ;
-- pdf)
020 ## - INTERNATIONAL STANDARD BOOK NUMBER
Canceled/invalid ISBN 9788400095536
020 ## - INTERNATIONAL STANDARD BOOK NUMBER
Canceled/invalid ISBN 8400095537
024 7# - OTHER STANDARD IDENTIFIER
Standard number or code 723-12-129-0
Source of number or code nipo
024 7# - OTHER STANDARD IDENTIFIER
Standard number or code 723-12-130-3
Qualifying information (eBook)
Source of number or code nipo
043 ## - GEOGRAPHIC AREA CODE
Geographic area code s-pe---
050 14 - LIBRARY OF CONGRESS CALL NUMBER
Classification number BX3714.P4 eBook
082 04 - DEWEY DECIMAL CLASSIFICATION NUMBER
Classification number 266.28509
-- 271.53085
100 1# - MAIN ENTRY--PERSONAL NAME
Personal name Maldavsky, Aliocha,
Relator term author.
245 10 - TITLE STATEMENT
Title Vocaciones inciertas :
Remainder of title misión y misioneros en la provincia jesuita del Perú en los siglos XVI y XVII /
Statement of responsibility, etc. Aliocha Maldavsky.
264 #1 - PRODUCTION, PUBLICATION, DISTRIBUTION, MANUFACTURE, AND COPYRIGHT NOTICE
Place of production, publication, distribution, manufacture Sevilla :
Name of producer, publisher, distributor, manufacturer Consejo Superior de Investigaciones Científicas ;
Place of production, publication, distribution, manufacture Lima :
Name of producer, publisher, distributor, manufacturer Instituto Francés de Estudios Andinos :
-- Universidad Antonio Ruiz de Montoya,
Date of production, publication, distribution, manufacture, or copyright notice 2012.
300 ## - PHYSICAL DESCRIPTION
Extent 1 online resource :
Other physical details maps.
336 ## - CONTENT TYPE
Content type term text
Content type code txt
Source rdacontent
337 ## - MEDIA TYPE
Media type term computer
Media type code c
Source rdamedia
338 ## - CARRIER TYPE
Carrier type term online resource
Carrier type code cr
Source rdacarrier
490 1# - SERIES STATEMENT
Series statement Colección Universos americanos ;
Volume/sequential designation 8
504 ## - BIBLIOGRAPHY, ETC. NOTE
Bibliography, etc. note Includes bibliographical references.
505 0# - FORMATTED CONTENTS NOTE
Formatted contents note Definiciones, formas y expresiones del apostolado jesuita en el Perú Virrenal -- Fronteras de provincias y Limes misionero -- El ministerio de las misiones de los jesuitas y la extirpación de idolatrías -- Ser o no ser misionero : los hombres de la misión -- La habilidad lingüística : la trampa de la misión -- La figura del Obrero de indios.
588 0# - SOURCE OF DESCRIPTION NOTE
Source of description note Online resource; title from PDF title page (Digitalia, viewed September 23, 2017)
610 20 - SUBJECT ADDED ENTRY--CORPORATE NAME
Corporate name or jurisdiction name as entry element Jesuits
General subdivision Missions
Geographic subdivision Peru
General subdivision History.
650 #0 - SUBJECT ADDED ENTRY--TOPICAL TERM
Topical term or geographic name entry element Indians of South America
General subdivision Missions
Geographic subdivision Peru
General subdivision History.
655 #0 - INDEX TERM--GENRE/FORM
Genre/form data or focus term Electronic books.
791 2# -
-- Digitalia (Firm),
-- distributor.
793 0# -
-- Digitalia eBook Collection:
-- Editorial CSIC
776 08 - ADDITIONAL PHYSICAL FORM ENTRY
Relationship information Print version:
Main entry heading Maldavsky, Aliocha.
Title Vocaciones inciertas.
Place, publisher, and date of publication Sevilla : Consejo Superior de Investigaciones Científicas ; Lima : Instituto Francés de Estudios Andinos : Universidad Antonio Ruiz de Montoya, 2012
International Standard Book Number 9788400095536
Record control number (DLC) 2012531818
-- (OCoLC)822016658
830 #0 - SERIES ADDED ENTRY--UNIFORM TITLE
Uniform title Colección Universos americanos ;
Volume/sequential designation 8.
856 40 - ELECTRONIC LOCATION AND ACCESS
Materials specified Digitalia Hispánica
Uniform Resource Identifier <a href="https://www.digitaliapublishing.com/a/42424/">https://www.digitaliapublishing.com/a/42424/</a>
910 ## - USER-OPTION DATA (OCLC)
User-option data Premium collection: 2017
942 ## - ADDED ENTRY ELEMENTS (KOHA)
Koha item type Recurso Electrónico
Existencias
Withdrawn status Lost status Damaged status Not for loan Collection Home library Current library Date acquired Total checkouts Date last seen Price effective from Koha item type
        Digitalia Ebooks Hispanica Biblioteca Digital UIN Biblioteca Digital UIN 04/25/2025   04/25/2025 04/25/2025 Recurso Electrónico

CONTACTO


NOSOTROS


SITIOS DE INTERES

coordinacion.biblioteca.biblioteca@unienlinea.mx Misión, Visión y Objetivos Bases de datos
Directorio Bibliotecas Digitales y Repositorios
Normatividad Revistas y artículos
Convenios interbibliotecarios
Boletines



Hecho en México. Universidad Insurgentes (UIN). Todos los derechos reservados 2024. Esta página y sus contenidos pueden ser reproducidos con fines no lucrativos, siempre y cuando no se mutile, se cite la fuente completa y su dirección electrónicas. De otra forma requiere permiso previo por escrito de la institución




2024 Copyright Universidad Insurgentes | www.bibliouin.com.mx